Movies Quiz

Random Movies or Clickable Quiz
Score 0/20 Timer 05:00
0 Plays Today
% Correct
Four Weddings and a Funeral
95%
The Lord of the Rings: The Return of the King
93.4%
Zootopia
93%
The Devil Wears Prada
92.2%
The Grand Budapest Hotel
90.9%
The Wolf of Wall Street
89.6%
Million Dollar Baby
87%
Pitch Perfect
86.5%
Troy
86.3%
Saving Private Ryan
86.1%
% Correct
The Silence of the Lambs
85.4%
Planes, Trains & Automobiles
84.6%
Argo
83.1%
Hidden Figures
79%
American Sniper
78.8%
Coyote Ugly
78.2%
Around the World in Eighty Days
76.8%
Hairspray
76.6%
Magic Mike
64.5%
Clue
61.5%
Remove Ads.
Support Sporcle.
Get the best of Sporcle when you Go Orange. This ad-free experience offers more features, more stats, and more fun while also helping to support Sporcle. Thank you for becoming a member.

You're not logged in!

Compare scores with friends on all Sporcle quizzes.
OR
Log In

Show Comments

Extras

Top Quizzes Today


Score Distribution

Your Account Isn't Verified!

In order to create a playlist on Sporcle, you need to verify the email address you used during registration. Go to your Sporcle Settings to finish the process.

Report this User

Report this user for behavior that violates our Community Guidelines.

Details: